Enjoy trees : (Record no. 18338)
[ view plain ]
| 000 -LEADER | |
|---|---|
| fixed length control field | 00456nam a2200157 a 4500 |
| 040 ## - CATALOGING SOURCE | |
| Transcribing agency | DLC |
| 082 00 - DEWEY DECIMAL CLASSIFICATION NUMBER | |
| Classification number | 582 582 SAH 1987 B142 Or. |
| 100 1# - MAIN ENTRY--AUTHOR NAME | |
| Personal name | Storrs, Adrian, |
| 245 10 - TITLE STATEMENT | |
| Title | Enjoy trees : |
| Remainder of title | a simple guide to some of the trees and shrubs found in Nepal / |
| 260 ## - PUBLICATION, DISTRIBUTION, ETC. (IMPRINT) | |
| Place of publication | Kathmandu, Nepal : |
| Name of publisher | Sahayogi Press, |
| Year of publication | 1987. |
| 300 ## - PHYSICAL DESCRIPTION | |
| Number of Pages | vii, 216 p. : |
| Other physical details | chiefly ill. ; |
| Dimensions | 20 cm. |
| 650 #0 - SUBJECT ADDED ENTRY--TOPICAL TERM | |
| Topical Term | Trees |
| 650 #0 - SUBJECT ADDED ENTRY--TOPICAL TERM | |
| Topical Term | Shrubs |
| 700 1# - ADDED ENTRY--PERSONAL NAME | |
| Personal name | Storrs, Jimmie. |
| 942 ## - ADDED ENTRY ELEMENTS (KOHA) | |
| Koha item type | ADB |
| 952 ## - LOCATION AND ITEM INFORMATION (KOHA) | |
| Withdrawn status [LOCAL, KOHA] | 0 |
| Source of acquisition | Permanent Location | Date acquired | Koha item type | Lost status | Barcode | Current Location | Full call number |
|---|---|---|---|---|---|---|---|
| A32920 | Library Block C | 2019-10-30 | សៀវភៅភាសាអង់គ្លេស | A32920 | Library Block C | 582 582 SAH 1987 C142 Or. |